DESCHEEMAEKER, Christian, La Cour des comptes. 3ème édition. Paris (France) : La Documentation Française (www.ladocfrancaise.g souv.fr), 2005. 204 p. € 19,00 (notice n° 1588752)
[ vue normale ]
| 000 -LEADER | |
|---|---|
| fixed length control field | 00609cam a2200133 4500500 |
| 005 - DATE AND TIME OF LATEST TRANSACTION | |
| control field | 20251228063026.0 |
| 041 ## - LANGUAGE CODE | |
| Language code of text/sound track or separate title | fre |
| 042 ## - AUTHENTICATION CODE | |
| Authentication code | dc |
| 245 00 - TITLE STATEMENT | |
| Title | DESCHEEMAEKER, Christian, La Cour des comptes. 3ème édition. Paris (France) : La Documentation Française (www.ladocfrancaise.g souv.fr), 2005. 204 p. € 19,00 |
| 260 ## - PUBLICATION, DISTRIBUTION, ETC. | |
| Date of publication, distribution, etc. | 2005.<br/> |
| 500 ## - GENERAL NOTE | |
| General note | 2 |
| 786 0# - DATA SOURCE ENTRY | |
| Note | Revue Internationale des Sciences Administratives | 71 | 3 | 2005-09-01 | p. 567f-571f | 0303-965X |
| 856 41 - ELECTRONIC LOCATION AND ACCESS | |
| Uniform Resource Identifier | <a href="https://droit.cairn.info/revue-internationale-des-sciences-administratives-2005-3-page-567f?lang=fr&redirect-ssocas=7080">https://droit.cairn.info/revue-internationale-des-sciences-administratives-2005-3-page-567f?lang=fr&redirect-ssocas=7080</a> |
Pas d'exemplaire disponible.




Réseaux sociaux